000 01162cad a22002775a 4500
001 L155121
008 120304e20120217xxkd f s 000 0 eng d
035 _a(Sirsi) u155121
041 0 _aeng
110 2 _aRoyal Institution of Chartered Surveyors
_bEconomics
_95033
245 0 0 _aRICS global real estate weekly
_b24 February 2012
_h[electronic resource]
260 _aLondon
_bRICS
_c2012
490 0 _aRICS Global Real Estate Weekly
_v24February 2012
520 _aSlowdown in Indian property market likely to show in wider economy. French housing activity likely to be muted in the face of depressed sentiment. Japan output contraction weighs on housing activity. Brazilian credit conditions spurring on housing market.
590 _aKA
650 2 4 _aRICS GLOBAL REAL ESTATE WEEKLY
651 4 _aIndia
651 4 _aFrance
651 4 _aJapan
651 4 _aBrazil
690 _aResidential property
_96266
690 _aCommercial property
_96227
690 _aConstruction management
_96230
856 4 0 _uhttps://www.rics.org/site/download_feed.aspx?fileID=11366&fileExtension=PDF
_zView the report free of charge at www.rics.org
942 _n0
999 _c113333
_d113333